000 00766nam a2200229Ii 4500
003 JO-AjNU
008 230605s9999||||xx |||||||||||||| ||und||
017 _a2016/8/3868
020 _a978-9957-34-248-9
040 _aJO-AjNU
_bara
_erda
_cJO-AjNU
041 _aara
050 1 4 _aKMM107.5 2016
100 3 _aالشقيرات، فيصل ,
_eauthor
_957459
245 0 0 _aشركة الشخص الواحد ذي المسئؤوليه المحدوده :دراسة مقارنة
250 _aط1
264 3 1 _aعمان: وزارة الثقافه، 2016
300 _a484ص
_bببليوجرافيا:455-484
336 _atext
_btxt
_2rdacontent
337 _aunmediated
_bn
_2rdamedia
338 _avolume
_bnc
_2rdacarrier
650 4 _aشركات تجاريه
_957460
999 _aA25752
_c29320
_d29320